| 000 | 00960cam a2200265 4500 | ||
|---|---|---|---|
| 008 | 090401t1992 xxu||||| |||| 00| 0 eng d | ||
| 020 | _a0117527114 | ||
| 035 | _a(Sirsi) u62635 | ||
| 041 | _aeng | ||
| 050 | _a711.558 | ||
| 110 |
_aUnited Kingdom _bDepartment of the Environment _9982 |
||
| 245 | _aPlanning policy guidance: coastal planning. | ||
| 260 |
_aLondon _bHMSO _c1992 |
||
| 300 | _a(22)p. ; 30cm. | ||
| 350 | _a4.5 | ||
| 490 |
_aPPG _v20 |
||
| 520 | _aCovers general planning policy for coastal areas of England and Wales, developments that require a coastal location and coastal zone development plans. | ||
| 650 | _aCOASTAL ZONES | ||
| 650 | _aDEVELOPMENT PLANS | ||
| 650 | _aPPG20 | ||
| 690 | _aPLANNING LAW AND PRACTICE | ||
| 710 |
_aUnited Kingdom _bWelsh Office _91214 |
||
| 856 | 4 | 0 |
_uhttps://www.communities.gov.uk/documents/planningandbuilding/pdf/147498.pdf _zview the item free of charge at www.communities.gov.uk |
| 942 | _n0 | ||
| 999 |
_c94462 _d94462 |
||